Strategic advertising management
Salvato in:
| Autore principale: | |
|---|---|
| Altri autori: | |
| Natura: | Libro |
| Lingua: | inglese |
| Pubblicazione: |
Oxford
Oxford University Press
2016
|
| Edizione: | 5th ed. |
| Soggetti: | |
| Tags: |
Nessun Tag, puoi essere il primo ad aggiungerne!!
|
MARC
| LEADER | 00000nam a2200000 4500 | ||
|---|---|---|---|
| 001 | 0226067 | ||
| 005 | 20230109072836.3 | ||
| 020 | |a 978-0-19-870365-5 | ||
| 041 | 0 | |a eng | |
| 044 | |a GB | ||
| 245 | 1 | 0 | |a Strategic advertising management |c Larry Percy, Richard Rosenbaum-Elliott |
| 250 | |a 5th ed. | ||
| 264 | 1 | |a Oxford |b Oxford University Press |c 2016 | |
| 300 | |a xxiv, 429 s. | ||
| 610 | 2 | 0 | |a reklama |
| 610 | 2 | 0 | |a propagácia |
| 610 | 2 | 0 | |a manažment strategický |
| 610 | 2 | 0 | |a plánovanie strategické |
| 610 | 2 | 0 | |a plán strategický |
| 610 | 2 | 0 | |a médiá |
| 610 | 2 | 0 | |a vzťahy s verejnosťou |
| 610 | 2 | 0 | |a predaj |
| 610 | 2 | 0 | |a sponzorovanie |
| 610 | 2 | 0 | |a umiestňovanie produktov |
| 610 | 2 | 0 | |a balenie |
| 610 | 2 | 0 | |a marketing |
| 610 | 2 | 0 | |a komunikácia marketingová |
| 100 | 1 | |a Percy, Larry | |
| 700 | 1 | |a Rosenbaum-Elliott, Richard | |